000 02158cam a2200361Ka 4500
001 98282
005 20230410115557.0
008 100809s1981 mx sb 000 0 spa d
035 _a(OCoLC)ocn654578323
040 _aOCLCE
_beng
_cOCLCE
020 _z9684293143
020 _z9789684293144
035 _a(OCoLC)654578323
050 1 4 _aHF 1411
_bC778 1981
082 0 0 _a337/.09/048
245 0 0 _aCooperación económica internacional :
_bconfrontación o diálogo /
_cEugenio Anguiano Roch, compilador ; Jaime Estévez ... [et al.].
250 _a1a ed.
260 _aMéxico, D.F. :
_bCentro de Estudios Económicos y Sociales del Tercer Mundo - CEESTEM :
_bEditorial Nueva Imagen,
_c1981.
300 _a229 p. ;
_c20 cm.
504 _aIncludes bibliographical references.
505 0 _aIntroducción / Eugenio Anguiano Roch -- Confrontación en torno al nuevo orden económico internacional / Jaime Estévez -- Las tendencias del comercio mundial y sus implicaciones para la negociación económica internacional / Javier A. Matus Pacheco -- Problemas y perspectivas del comercio y las finanzas internacionales / René Villareal -- Recesión, inflación y sistema monetario internacional / Ariel Buira Seira -- Bancarización de la economía mundial, deuda externa del Tercer Mundo y nuevo orden internacional / Rosario Green -- La nueva estrategia internacional para el desarrollo / Ifigenia Martínez -- La serie de negociaciones globales / Jorge Eduardo Navarrete -- Países ricos y países pobres, entre la crisis energética y los "diálogos" internacionales / Jesús Puente Leyva -- Ciencia y tecnología en el diálogo Norte-Sur / Miguel S. Wionczek -- Posfacio -- Los autores.
588 _aDescription based on print version record.
650 0 _aInternational economic relations.
650 4 _aRelaciones económicas internacionales
650 4 _a20151100
700 1 _aAnguiano Roch, Eugenio.
700 1 _aEstévez, Jaime,
_d1946-
776 1 _cOriginal
_w(DLC) 82143650
_w(OCoLC)8953006
856 4 0 _3Google
_uhttp://books.google.com/books?id=a4yGAAAAIAAJ
942 _2lcc
_cbk
994 _aC0
_bDRFGD
946 _aNBM
999 _c43943
_d43943